| 000 | 01125nam a2200205 i 4500 | ||
|---|---|---|---|
| 001 | 159549 | ||
| 003 | ES-MaACL | ||
| 005 | 20250928125019.0 | ||
| 008 | 990927m18801884fr |||| | fre d | ||
| 040 |
_aCAM _bspa _cCAM |
||
| 100 | 1 |
_aMetternich, Clemens Wenzel Lothar _cFürst von ( _d1773-1859) _980737 |
|
| 245 | 1 | 0 |
_aMémoires, documents et écrits divers laissés par le prince de Metternich, chancelier de cour et d'État, publiés par son fils, le prince Richard de Metternich, classés et réunis par M. A. de Klinkowstroem / _cFürst Clemens Lothar Wenzel von Metternich. |
| 260 |
_aParis : _bE. Plon et Cie, _c1880-1884. |
||
| 300 |
_a5 v. : _brertr. ; _c22 cm. |
||
| 505 | 8 | _aContiene: "1re partie". I-II. Depuis la naissance de Metternich jusqu'au Congrès de Vienne (1773-1815). - 1880 ; "2e partie". III-VII. L'Ere de paix (1816-1848). - 1881-1883 ; "3e partie". VIII. La Période de repos (1848-1859). - 1884 | |
| 700 | 1 |
_aKlinkowstroem, M.A. de. _9128469 |
|
| 700 | 1 |
_aMetternich, Richard von, _d1829-1895 _9164224 |
|
| 852 |
_aES-MaACL _jF-12052-56 _z-- Enc. pasta española |
||
| 999 |
_c159549 _d159549 |
||